000 00655nam a22002177a 4500
003 UA-OsUOA
001 81325
007 ta
008 20120124b un ||||| |||| 00| 0 ukr d
090 _a82.09(477)(082)
942 _cBK
040 _aUA-OsUOA
_bukr
_cUA-OsUOA
_dUA-OsUOA
245 _aНаукові записки
_bсерія: Літературознавство
_cза ред. проф. Ткачука М.
300 _a334 с.
955 _a1
041 _aukr
080 _a82.09(477)(082)
260 _aТернопіль
_bТНПУ
_c2006
650 7 _a82 Література. Літературознавство
_2UDC
999 _c367637
_d367637